000
00246nam a2200097Ia 4500
001
699076
005
20250826162103.0
008
250824s9999 xx 000 0 und d
245
0
_a
Bu Yalnızlık Bana Fazla
_c
MURAT TAVLI
260
_b
DESTEK YAYINLARI
999
_c
699076
_d
699076